1984: (Record no. 206368)

MARC details
000 -LEADER
fixed length control field 00648nam a22002177a 4500
005 - DATE AND TIME OF LATEST TRANSACTION
control field 20241127155548.0
010 ## - LCCN (DPL NO)
LC control number ENG-142139 ENG-142290 ENG-142659
020 ## - INTERNATIONAL STANDARD BOOK NUMBER
International Standard Book Number 9789357943383
Terms of availability 395.00
020 ## - INTERNATIONAL STANDARD BOOK NUMBER
International Standard Book Number 9789357943383
Terms of availability 350.00
035 ## - SYSTEM CONTROL NUMBER
System control number EN-125671
035 ## - SYSTEM CONTROL NUMBER
System control number EN-126191
035 ## - SYSTEM CONTROL NUMBER
System control number EN-125822
037 ## - SOURCE OF ACQUISITION
Source of stock number/acquisition DBAD
082 ## - DEWEY DECIMAL CLASSIFICATION NUMBER
Classification number 823.912
100 ## - MAIN ENTRY--PERSONAL NAME
Personal name Orwell, George
245 ## - TITLE STATEMENT
Title 1984:
Remainder of title Orwell's Dystopian Classic/
Statement of responsibility, etc by George Orwell
260 ## - PUBLICATION, DISTRIBUTION, ETC. (IMPRINT)
Place of publication, distribution, etc New Delhi
Name of publisher, distributor, etc V & S Publishers
Date of publication, distribution, etc 2024
270 ## - ADDRESS
Address F-2/16, Ansari Rd, Daryaganj,
City New Delhi
Postal code 110002
300 ## - PHYSICAL DESCRIPTION
Extent 264p.:
Dimensions 21cm(pb)
942 ## - ADDED ENTRY ELEMENTS (KOHA)
Source of classification or shelving scheme Dewey Decimal Classification
Item type English Books
Classification part 823.912
Call number suffix ORW
Holdings
Withdrawn status Lost status Not for loan Collection code Home library Current library Date acquired Source of acquisition Cost, normal purchase price Full call number Barcode Copy number Cost, replacement price Koha item type
      Non-fiction Ashok Vihar Ashok Vihar 27/11/2024 Delivery of Books Act Division 350.00 823.912 ORW EN-126191 1 350.00 English Books
    Not For Loan Non-fiction D.B.Act.Division D.B.Act.Division 11/10/2024 Delivery of Books Act Division 395.00 823.912 ORW EN-125671 1 395.00 English Books
      Non-fiction Sarojini Nagar Sarojini Nagar 23/10/2024 Delivery of Books Act Division 350.00 823.912 ORW EN-125822 1 350.00 English Books

© Delhi Public Library
Hit Counter
free hit counter